000 00767cam a2200277 i 4500
001 768714001
003 CO-MdFUSB
005 20241205123243.0
007 ta
008 241204t1968 -us||||| |||| 00| 0 eng d
040 _cCO-MdFUSB
041 0 _aeng
082 0 4 _223
_a236.4
_bE462o
100 1 _aElliot, Elisabeth
_eautor
245 1 0 _aThe liberty of obedience :
_bsome thoughts on christian conduct and service
_c/ Elisabeth Elliot
264 1 _aWaco, TX., USA :
_bWord Books, Publisher
_c[1968]
264 4 _c©1968
300 _a63 páginas
336 _atexto
_btxt
_2rdacontent
337 _2rdamedia
_asin mediación
_bn
338 _2rdacarrier
_avolumen
_bnc
563 _aRustico
653 _avida cristiana
942 _cBK
945 _aMiguel
999 _c35171
_d35171